000 00208nam a22000857a 4500
999 _c11562
_d11562
008 190618b ||||| |||| 00| 0 eng d
100 _aRawat R .B
_97269
245 _a The Brave
260 _aU S A
_b Penguin
_c2014